000 00818cam a22002411 4500
999 _c130139
_d130139
001 5964501
003 ARRUPE
005 20200121094306.0
008 770629s1936 xx 000 0 eng
010 _a 37030968
035 _a(OCoLC)3081178
040 _aDLC
_cPCvA
_dOCoLC
_dDLC
042 _apremarc
050 0 0 _aPZ1
_b.E61
245 0 0 _aEnglish short stories,
_ban anthology.
_cIntroduction by Richard Wilson
260 _aLondon,
_bJ.M. Dent & sons, ltd.;
_aNew York,
_bE.P. Dutton
_c1921
300 _axii, 368 p. ;
_c18cm.
490 0 _aEveryman's library, ed. by Ernest Rhys. Fiction. [no. 1743]
500 _a"First published in this edition, 1921; reprinted ... 1936."
650 0 _aShort stories, English.
_945232
906 _a7
_bcbc
_coclcrpl
_du
_encip
_f19
_gy-gencatlg
942 _2lcc
_cMONOGRAPH